Szczegóły MARC21

Naturalnie : zbiór biuletynów WFOŚiGW w Szczecinie. T. 1, nr 00/2008-10/2011 /

003 -Nazwa inst., której nr kontr. jest w polu 001 [,]
    • @
    • Nazwa instytucji, której n kontrolny jest w polu 001
    • NUKAT
005 -DATA I CZAS OSTATNIEJ MODYFIKACJI [,]
    • @
    • pole kontrolne
    • 20241231111336.0
020 -Międzynarod. znormalizowany nr książki - ISBN [ , ]
    • a
    • Numer ISBN
    • 9788361419754 Find
040 -Instytucja sporządzająca opis [ , ]
    • a
    • Instytucja, która sporządziła opis (NP)
    • KR U/GZ
    • c
    • Instytucja, która sporządziła rekord (NP)
    • KR U/GZ
942 -Rodzaj dokumentu [ , ]
    • c
    • Rodzaj dokumentu
    • Książka
245 -Strefa tytułu i oznaczenia odpowiedzialności [0,0]
    • a
    • Tytuł
    • Naturalnie : Find
    • b
    • Ciąg dalszy tytułu (NP)
    • zbiór biuletynów WFOŚiGW w Szczecinie. Find
    • n
    • Oznaczenie części (P)
    • T. 1,
    • p
    • Nazwa części (P)
    • nr 00/2008-10/2011 /
    • c
    • Pozostałe elementy strefy tytułu i oznaczenia odpowiedzialności (NP)
    • [redakcja: Monika Bochenko, Kinga Jacewicz, Sebastian Kaczmarek, Witold Maziarczyk, Patrycja Rogalska, Danuta Łukasiewicz, Julia Raducha, Andrzej Grzana, Anna Słaby, Konrad Czarnecki] ; Wojewódzki Fundusz Ochrony Środowiska i Gospodarki Wodnej w Szczecinie.
260 -Strefa adresu wydawniczego [ , ]
    • a
    • Miejsce wydania (P)
    • Szczecin :
    • b
    • Nazwa wydawcy (P)
    • Wojewódzki Fundusz Ochrony Środowiska i Gospodarki Wodnej,
    • c
    • Data wydania (P)
    • 2017.
300 -Strefa opisu fizycznego [ , ]
    • a
    • Określenie formy książki i/lub objętość (NP)
    • 468 s., wiele liczbowań :
    • b
    • Oznaczenie ilustracji (NP)
    • il. ;
    • c
    • Format (NP)
    • 31 cm.
336 -Typ zawartości [ , ]
    • a
    • Termin opisujący typ zawartości
    • Tekst
    • b
    • Kod określający zawartość
    • txt
    • 2
    • Źródło (terminu i kodu)
    • rdacontent
337 -Typ mediów [ , ]
    • a
    • Tryb odtwarzania
    • Bez urządzenia pośredniczącego
    • b
    • Kod typu mediów
    • n
    • 2
    • Źródło (terminu i kodu)
    • rdamedia
338 -Typ/rodzaj nośnika [ , ]
    • a
    • Hasło opisujące typ nośnika
    • Wolumin
    • b
    • Kod typu nośnika
    • nc
    • 2
    • Źródło (terminu i kodu)
    • rdacarrier
500 -Uwaga ogólna [ , ]
    • a
    • Uwaga ogólna (NP)
    • Opis wg okładki.
610 -Hasło przedmiotowe w formie nazwy ciała zbiorowego [2,7]
    • a
    • Nazwa ciała zbiorowego lub nazwa geograficzna
    • Wojewódzki Fundusz Ochrony Środowiska i Gospodarki Wodnej (Szczecin).
    • 2
    • Źródło terminu
    • kaba
    • 9
    • KHW
    • 82275
650 -Hasło przedmiotowe [ ,7]
    • a
    • Hasło przedmiotowe
    • Środowisko
    • x
    • Określnik rzeczowy
    • ochrona
    • z
    • Określnik geograficzny
    • Polska
    • z
    • Określnik geograficzny
    • Zachodniopomorskie, Województwo (1999- )
    • v
    • Określnik formalny
    • publicystyka.
    • 2
    • Źródło terminu
    • kaba
    • 9
    • KHW
    • 461101
700 -Hasło dodatkowe - nazwa osobowa [1, ]
    • a
    • Nazwa osobowa (NP)
    • Bochenko, Monika Find
    • c
    • Dopowiedzenie inne niż daty biograficzne (NP)
    • (ochrona środowiska).
    • e
    • Określenie rodzaju współpracy
    • Red.
    • 9
    • KHW
    • 460978
700 -Hasło dodatkowe - nazwa osobowa [1, ]
    • a
    • Nazwa osobowa (NP)
    • Jacewicz, Kinga. Find
    • e
    • Określenie rodzaju współpracy
    • Red.
    • 9
    • KHW
    • 460982
700 -Hasło dodatkowe - nazwa osobowa [1, ]
    • a
    • Nazwa osobowa (NP)
    • Kaczmarek. Sebastian Find
    • c
    • Dopowiedzenie inne niż daty biograficzne (NP)
    • (ochrona środowiska).
    • e
    • Określenie rodzaju współpracy
    • Red.
    • 9
    • KHW
    • 460990
700 -Hasło dodatkowe - nazwa osobowa [1, ]
    • a
    • Nazwa osobowa (NP)
    • Maziarczyk, Witold. Find
    • e
    • Określenie rodzaju współpracy
    • Red.
    • 9
    • KHW
    • 460983
700 -Hasło dodatkowe - nazwa osobowa [1, ]
    • a
    • Nazwa osobowa (NP)
    • Rogalska, Patrycja. Find
    • e
    • Określenie rodzaju współpracy
    • Red.
    • 9
    • KHW
    • 460984
700 -Hasło dodatkowe - nazwa osobowa [1, ]
    • a
    • Nazwa osobowa (NP)
    • Łukasiewicz, Danuta. Find
    • e
    • Określenie rodzaju współpracy
    • Red.
    • 9
    • KHW
    • 460985
700 -Hasło dodatkowe - nazwa osobowa [1, ]
    • a
    • Nazwa osobowa (NP)
    • Raducha, Julia. Find
    • e
    • Określenie rodzaju współpracy
    • Red.
    • 9
    • KHW
    • 460986
700 -Hasło dodatkowe - nazwa osobowa [1, ]
    • a
    • Nazwa osobowa (NP)
    • Grzana, Andrzej. Find
    • e
    • Określenie rodzaju współpracy
    • Red.
    • 9
    • KHW
    • 460987
700 -Hasło dodatkowe - nazwa osobowa [1, ]
    • a
    • Nazwa osobowa (NP)
    • Słaby, Anna Find
    • c
    • Dopowiedzenie inne niż daty biograficzne (NP)
    • (administracja).
    • e
    • Określenie rodzaju współpracy
    • Red.
    • 9
    • KHW
    • 460989
700 -Hasło dodatkowe - nazwa osobowa [1, ]
    • a
    • Nazwa osobowa (NP)
    • Czarnecki, Konrad. Find
    • e
    • Określenie rodzaju współpracy
    • Red.
    • 9
    • KHW
    • 460988
710 -Hasło dodatkowe - nazwa ciała zbiorowego [2, ]
    • a
    • Nazwa ciała zbiorowego lub nazwa geograficzna jako pierwszy element (NP)
    • Wojewódzki Fundusz Ochrony Środowiska i Gospodarki Wodnej (Szczecin).
    • 4
    • Kod relacji
    • pbl
    • 9
    • KHW
    • 82275
920 -ISBN [ , ]
    • a
    • ISBN
    • 978-83-61419-75-4 Find
Sygnatura Numer inwentarzowy Status udost. Lokalizacja Data inwentaryzacji
 Z.1230641BG2018-09-04
T.21528T.21528-2T2022-07-01